000 00791cam a22002412 4500
001 0000004939
005 20151217151946.0
008 070604s xx 000 0 eng d
020 _a0199636540 :
_cKES 6,258
040 _aKABU
_cKABU
050 0 _aRS201
_b.L57 2003
245 1 0 _aLiposomes :
_ba practical approach /
_cedited by Vladimir Torchilin and Volkmar Weissig.
250 _a2nd ed.
260 _aOxford ;
_aNew York :
_bOxford University Press,
_c2003.
300 _axxiii, 396 p. :
_bill.
440 4 _aThe Practical approach series
_@0000155922
650 0 _aLiposomes.
_@0000155923
700 1 _aTorchilin, Vladimir P.
_@0000155924
700 1 _aWeissig, Volkmar.
_@0000155925
908 _a070604
950 _@1
999 _c6740
_d6740